000 01483nam a22003137a 4500
005 20111007141814.0
010 _aG-001702
020 _a9781426305016 (Pbk)
_c982.00
020 _a9781426305013 (Hb)
_c982.00
035 _aG-001702
037 _bNational Geographic Society, 1145 17th St. NW, Washington, DC 20036-4688
082 1 0 _a032.02
_214
222 0 _aNational Geographic kids almanac
245 0 0 _aNational Geographic kids almanac 2010.
246 1 _aKids almanac 2010
260 _aWashington, D.C. :
_bNational Geographic,
_cc2010-
270 _aNational Geographic Society, 1145 17th St. NW, Washington, DC 20036-4688
_bWashington, DC
300 _a351p. :
_bill. (chiefly col.), col. maps ;
_c24 cm. (Hb)
500 _aIncludes index.
520 _aAmazing animals will take readers into the wild and into the water. Discover cultural connections from food, currency, literature and lots more from around the world.
650 0 _aAlmanacs, Children's
_vJuvenile literature.
_935306
650 0 _aAlmanacs, American
_vJuvenile literature.
_935307
650 0 _aCuriosities and wonders
_vJuvenile literature.
_935308
710 2 _aNational Geographic Society (U.S.)
_935305
942 _2ddc
_cCH
_h032.02
_mNAT
999 _c57384
_d57384